稲城市の町名 【読み方版】 - Statistics

General Stats
  • This quiz has been taken 23 times
  • The average score is 7 of 10
Answers on the Map
Answers color-coded by a green-red scale on the quiz's map according to % correct below.
 
Answer Stats
町名 % Correct
若葉台 (わかばだい)
95%
矢野口 (やのくち)
91%
向陽台 (こうようだい)
73%
平尾 (ひらお)
68%
大丸 (おおまる)
64%
東長沼 (ひがしながぬま)
64%
長峰 (ながみね)
64%
坂浜 (さかはま)
59%
百村 (もむら)
50%
押立 (おしたて)
50%
No matching quizzes found
Score Distribution
Percent of People with Each Score
Percentile by Number Answered
Your Score History
You have not taken this quiz